Estadísticas para Matemáticas aleatorias en 1 minuto

Haz click aquí para intentar la prueba.

Estadísticas generales

  • Esta prueba ha sido intentada 2.180 veces
  • La puntuación promedio es 11 de 15

Estadísticas de respuestas

ProblemaResponder% Correcto
11 - 110
100%
1 + 910
100%
6 + 410
100%
5 x 210
100%
134 - 34100
100%
98 + 5103
100%
98 + 7105
100%
30 - 1911
100%
88 : 811
100%
8 + 104112
100%
3 x 412
100%
147 - 11136
100%
8 + 614
100%
28 : 214
100%
44 + 104148
100%
3 x 515
100%
5 x 315
100%
29 - 1415
100%
75 : 515
100%
2 + 1315
100%
6 + 1117
100%
30 - 1119
100%
11 - 92
100%
4 x 520
100%
8 + 1220
100%
1 + 2223
100%
4 x 624
100%
100 : 425
100%
9 x 327
100%
11 - 83
100%
9 : 33
100%
24 : 83
100%
6 x 530
100%
5 x 630
100%
17 + 1431
100%
3 x 1133
100%
5 x 735
100%
33 + 437
100%
46 - 838
100%
19 + 1938
100%
33 + 639
100%
100 : 254
100%
24 : 64
100%
28 : 74
100%
80 : 204
100%
8 x 540
100%
33 + 1043
100%
3 x 1545
100%
88 - 4147
100%
15 + 3348
100%
4 x 1248
100%
12 - 75
100%
100 : 205
100%
100 : 250
100%
56 - 155
100%
11 - 56
100%
30 : 56
100%
48 : 86
100%
6 x 1060
100%
9 x 763
100%
2 x 3264
100%
32 x 264
100%
71 - 269
100%
5 + 27
100%
9 x 872
100%
98 - 2276
100%
98 - 1484
100%
8 x 1188
100%
53 + 3588
100%
99 : 119
100%
12 - 39
100%
44 + 5599
100%
3 x 3399
100%
98 + 199
100%
3 x 927
94%
131 - 30101
93%
5 + 510
92%
100 : 1010
92%
98 + 14112
92%
6 + 713
92%
8 + 816
92%
6 - 42
92%
8 + 917
91%
9 x 436
91%
6 + 814
90%
15 + 150165
90%
3 - 12
90%
3 x 721
90%
1 + 2930
90%
6 x 636
90%
78 - 744
90%
6 + 4854
90%
74 - 470
90%
1 + 7778
90%
80 : 108
90%
48 : 68
90%
66 - 5115
89%
15 x 10150
89%
6 x 318
89%
11 + 718
89%
4 : 22
89%
147 + 147294
89%
8 + 2230
89%
64 : 232
89%
5 + 3136
89%
2 + 7173
89%
30 - 228
89%
11 - 38
89%
30 - 219
89%
1 + 9899
89%
33 + 6699
89%
98 + 9107
88%
6 + 511
88%
74 + 86160
88%
30 - 1317
88%
98 - 7721
88%
147 + 99246
88%
75 : 325
88%
5 + 2934
88%
6 x 636
88%
26 + 1137
88%
6 x 742
88%
51 - 546
88%
75 : 155
88%
46 + 551
88%
6 x 954
88%
48 : 86
88%
50 - 446
88%
48 : 68
88%
32 : 48
88%
54 : 69
88%
9 x 1090
88%
12 x 896
88%
80 : 810
86%
98 + 8106
86%
147 - 9138
86%
98 + 53151
86%
85 + 74159
86%
11 - 92
86%
28 : 142
86%
80 : 420
86%
52 - 2725
86%
37 - 928
86%
18 : 63
86%
3 x 10003000
86%
6 + 2834
86%
5 x 80400
86%
50 - 743
86%
77 - 2552
86%
44 + 1155
86%
8 x 756
86%
36 : 66
86%
15 x 460
86%
11 - 47
86%
24 : 38
86%
88 - 6523
85%
98 + 2100
83%
8 + 311
83%
8 x 216
83%
120 : 620
83%
5 x 420
83%
30 - 822
83%
98 + 122220
83%
27 - 126
83%
52 - 2527
83%
15 x 230
83%
8 x 432
83%
100 : 254
83%
32 : 84
83%
48 - 642
83%
6 + 3844
83%
27 + 2552
83%
24 : 46
83%
51 + 1566
83%
88 - 2167
83%
18 + 5371
83%
147 - 7473
83%
78 - 474
83%
25 + 5277
83%
4 + 7478
83%
88 : 118
83%
33 + 5588
83%
3 x 3090
83%
131 - 3299
83%
120 : 1012
82%
147 - 24123
82%
98 - 7028
82%
30 : 103
82%
4 x 936
82%
33 + 740
82%
33 + 3366
82%
18 : 29
82%
3 x 150450
81%
99: 911
80%
147 - 28119
80%
8 + 412
80%
12 x 10120
80%
32 x 4128
80%
44 + 88132
80%
6 + 915
80%
8 x 21168
80%
3 x 618
80%
147 + 35182
80%
88 - 6721
80%
30 - 921
80%
3 x 824
80%
43 - 1429
80%
15 + 1530
80%
88 - 5335
80%
36 : 94
80%
33 + 1144
80%
5 x 945
80%
6 x 848
80%
30 : 65
80%
11 - 65
80%
2 + 6971
80%
37 + 3774
80%
32 : 48
80%
9 x 100900
80%
6 + 98104
78%
8 + 106114
78%
64 + 64128
78%
8 + 715
78%
147 + 40187
78%
64 : 322
78%
147 + 66213
78%
131 + 98229
78%
44 + 204248
78%
100 : 425
78%
33 + 942
78%
98 - 3365
78%
98 - 791
78%
11 - 74
77%
15 x 345
77%
5 x 1365
77%
11 -101
75%
147 - 47100
75%
15 + 92107
75%
6 + 612
75%
5 + 126131
75%
147 - 7140
75%
6 + 138144
75%
64 :416
75%
9 x 2001800
75%
88 - 6919
75%
147 + 47194
75%
18 : 92
75%
100 : 502
75%
6 x 424
75%
5 + 2227
75%
33 + 258291
75%
3 x 1030
75%
3 x 100300
75%
4 x 832
75%
99 : 333
75%
50 - 941
75%
5 + 4146
75%
80 : 165
75%
100 : 205
75%
100 : 250
75%
98 - 3563
75%
8 x 864
75%
44 + 3377
75%
9 x 981
75%
5 + 7883
75%
4 x 2184
75%
12 x 784
75%
67 + 2188
75%
3 x 39
75%
11 - 29
75%
15 x 690
75%
88 + 997
75%
9 x 1199
75%
50 - 842
73%
6 x 954
73%
44 + 4488
73%
88 - 799
73%
98 - 8711
71%
50 - 3812
71%
8 + 513
71%
43 - 2914
71%
147 + 53200
71%
12 + 192204
71%
8 x 324
71%
37 - 1126
71%
131 - 10130
71%
12 x 336
71%
131 - 9140
71%
5 x 840
71%
50 - 644
71%
51 - 465
71%
120 : 206
71%
3 x 26
71%
8 x 972
71%
33 + 4477
71%
6 + 39
71%
36 : 49
71%
98 + 3101
70%
8 + 96104
70%
37 - 2611
70%
44 + 99143
70%
55 x 3165
70%
32 : 84
70%
9 x 545
70%
98 - 3761
70%
28 : 47
70%
52 + 2577
70%
64 : 88
70%
5 + 8893
70%
39 + 67106
69%
88 - 1969
69%
8 + 6775
69%
98 + 4102
67%
8 x 13104
67%
15 x 7105
67%
33 + 77110
67%
98 + 12110
67%
147 - 22125
67%
30 - 1713
67%
78 : 613
67%
8 x 20160
67%
9 x 218
67%
6 : 32
67%
100 : 520
67%
13 + 720
67%
131 + 78209
67%
6 : 23
67%
50 - 1931
67%
14 + 1832
67%
33 + 336
67%
33 + 538
67%
33 + 1245
67%
12 x 448
67%
66 - 1551
67%
131 - 7853
67%
5 x 111555
67%
78 : 136
67%
88 - 2365
67%
8 + 5866
67%
44 + 2266
67%
12 x 672
67%
106 - 2977
67%
11 x 777
67%
13 x 678
67%
3 x 2678
67%
88 - 979
67%
4 x 2080
67%
9 + 7988
67%
23 + 6588
67%
47 + 4794
67%
8 x 16128
64%
8 + 1119
64%
2 + 2931
64%
42 : 67
64%
37 - 289
64%
100 : 1010
63%
12 x 11132
63%
141 + 47188
63%
654 - 456198
63%
24 : 122
63%
17 + 320
63%
100 : 520
63%
128 : 432
63%
6 x 742
63%
147 - 9948
63%
131 - 1265
63%
36 + 1551
63%
71 - 1853
63%
16 x 464
63%
5 + 6671
63%
5 x 1575
63%
147 - 5394
63%
8 x 1296
63%
147 - 33114
62%
131 - 8645
62%
11 - 110
60%
12 x 9108
60%
98 + 10108
60%
6 x 212
60%
147 - 26121
60%
98 + 36134
60%
12 x 12144
60%
147 + 9156
60%
128 : 816
60%
147 + 22169
60%
204 - 12192
60%
65 x 3195
60%
15 x 13195
60%
3 x 65195
60%
45 : 153
60%
99 : 333
60%
5 x 60300
60%
150 x 3450
60%
6 x 848
60%
8 x 648
60%
106 - 3967
60%
18 + 5573
60%
131 - 3695
60%
98 - 3959
58%
6 x 1378
58%
98 + 6104
57%
98 + 22120
57%
15 x 11165
57%
12 + 719
57%
8 +1523
57%
120 : 524
57%
4 x 728
57%
50 - 2129
57%
131 - 9635
57%
29 + 1443
57%
12 x 560
57%
15 x 575
57%
26 x 378
57%
589 + 195784
57%
159 - 7485
57%
8 +102110
56%
8 x 15120
56%
56 + 65121
56%
16 x 8128
56%
15 x 9135
56%
30 - 1515
56%
131 - 5675
56%
15 + 88103
55%
4 x 728
55%
30 : 310
50%
120 : 1210
50%
5 + 97102
50%
44 + 66110
50%
98 + 17115
50%
24 : 212
50%
44 + 77121
50%
64 + 79143
50%
51 - 3615
50%
73 - 5518
50%
9 + 1120
50%
15 x 14210
50%
44 + 166210
50%
44 + 177221
50%
12 x 224
50%
131 - 10625
50%
131 + 121252
50%
106 - 7729
50%
50 - 1733
50%
106 - 6739
50%
128 : 324
50%
33 + 841
50%
88 - 4741
50%
42 : 76
50%
3 x 2060
50%
20 -137
50%
15 + 6277
50%
8 x 1080
50%
8 x 14112
46%
71 - 5318
46%
15 x 12180
46%
131 + 44175
44%
198 + 456654
44%
258 - 141117
43%
120 : 815
43%
131 - 11615
43%
15 x 15225
43%
78 : 263
43%
64 : 164
43%
654 - 198456
43%
77 + 29106
40%
98 + 102200
40%
45 x 452 025
40%
50 - 1832
40%
73 - 1855
40%
54 : 96
40%
456 + 198654
40%
88 - 3553
38%
131 - 7655
38%
159 - 8574
38%
15 x 8120
33%
7 x 22154
33%
77 - 5225
33%
78 : 326
33%
9 x 654
33%
4 x 1664
33%
120 : 158
33%
784 - 589195
31%
128 : 168
30%
258 - 117141
29%
141 + 117258
29%
195 + 589784
29%
131 - 4685
29%
80 : 516
25%
120 : 245
25%
98 + 253351
22%
155 x 3465
22%
5 x 175875
20%
784 - 195589
17%
154 : 227
14%
12 x 1121 344
13%
147 + 17164
0%
154 : 222
0%
75 : 253
0%
51 - 1536
0%
131 - 6665
0%

Distribución de puntuación

Porcentaje por número respondido

Porcentaje de gente con cada puntuación

Historial de tus puntuaciones

No has intentado esta prueba.